French Materials - Statistics

General Stats
  • This quiz has been taken 21 times
  • The average score is 15 of 33
Answer Stats
English French % Correct
the paper le papier
100%
the silver l'argent
94%
the plastic le plastique
88%
the gold l'or
88%
the water l'eau
81%
the wood le bois
75%
the stone la pierre
69%
the metal le métal
69%
the powder la poudre
63%
the iron le fer
63%
the glass le verre
63%
the brick la brique
56%
the wool la laine
56%
the cotton le coton
56%
the chain la chaîne
50%
the leather le cuir
50%
the copper le cuivre
44%
the steel l'acier
38%
the pine le pin
38%
the soil le sol
38%
the dust la poussière
31%
the silk la soie
31%
the oak le chêne
25%
the fur la fourrure
19%
the board (plank) la planche
19%
the rubber le caoutchouc
19%
the coal le charbon
19%
the linen le linge
19%
the ashes les cendres
19%
the fabric le tissu
13%
the wax la cire
6%
the chalk la craie
6%
the canvas la toile
0%
No matching quizzes found
Score Distribution
Percent of People with Each Score
Percentile by Number Answered
Your Score History
You have not taken this quiz